Представление документа в формате MARC21

Поле Инд. ПП Название Значение
Тип записи a
Библиографический уровень m
001 Контрольный номер RU/IS/BASE/285175950
005 Дата корректировки 20260402120528.7
020 a ISBN 978-5-16-002153-9
c Цена, тираж 180 р.
080 a Индекс УДК 658(075.8)
080 a Индекс УДК 658.012(075.8)
080 a Индекс УДК 658.5(075.8)
090 a Полочн. индекс 658
x Авторский знак О-64
097 b Оператор *Еж*
b Оператор *Ольга-С*
b Оператор *Ул*
b Оператор *Вин*
100 1_ a Автор Туровец О.Г.
245 10 a Заглавие Организация производства и управление предприятием
b Продолж. заглавия учебник для вузов по спец. 060800 "Экономика и упр. на предприятии (по отраслям)"
b Продолж. заглавия в составе учебно-методического комплекса
c Ответственность под ред. О.Г. Туровца
250 a Основные сведения об издании 2-е изд.
260 a Место издания Москва
b Издательство ИНФРА-М
c Дата издания 2009
300 a Объем 544 с.
440 _0 a Серия Высшее образование
a Серия УМК-У
516 8_ a Прим. о типе комп. файла/ данных Текст : непосредственный
520 0_ a Аннотация В учебнике содержится систематизированный минимум научных знаний, излагаются понятия, функции и методы организации процессов производства и управления в низовом звене народного хозяйства. Всесторонне освещаются содержание и современные проблемы организации производства и управления промышленными предприятиями, отражен прогрессивный опыт организационной работы отечественных и зарубежных предприятий.
583 a Действие Приписка : УМК
a Действие Перевод
653 0_ a Ключевые слова Инструментальное хозяйство
a Ключевые слова Менеджмент
a Ключевые слова Мотивация труда
a Ключевые слова Новые виды продукции
a Ключевые слова Организация производства
a Ключевые слова Производственные процессы
a Ключевые слова Промышленные предприятия
a Ключевые слова Реализация продукции
a Ключевые слова Ремонтное хозяйство
a Ключевые слова Стимулирование труда
a Ключевые слова Управление предприятием
655 a Жанр/ форма (устаревшее) У
700 12 a Другие авторы Бухалков М.И.
700 1_ a Другие авторы Родинов В.Б.
700 1_ a Другие авторы [и др.]
773 18 w Контрольный № источника RU/IS/BASE/514465538
w Контрольный № источника RU/IS/BASE/543408744
w Контрольный № источника RU/IS/BASE/543340572
900 a Имя макрообъекта 001-000074424-000000000-0000-0000-00
901 t Тип документа m
905 a Дата создания записи 06.07.09
c Дата приписки 23.03.23
c Дата приписки 05.04.23
d Дата перевода 02.04.26
952 b Гриф литературы для ВШ Гриф
a Тип литературы для КСУ ВШ У1
952 e Факультет *ФУСК*
e Факультет *ИДПО*
954 c 06.07.09
990 h N записи в КСУ для Б/У (DOS) 49/2009
h N записи в КСУ для Б/У (DOS) 1000/2014
j Количество экземпляров (DOS) 10
c Приоритет заказа (DOS) о
f Даты поступлений (DOS) 16.06.09
g Размещение заказа (DOS) Цифроном
a Автор заказа (DOS) МЕН
b Заказано (DOS) 12